The Bribery Act 2010 (Record no. 112139)

MARC details
000 -LEADER
fixed length control field 00858cad a22001935a 4500
001 - CONTROL NUMBER
control field L152644
008 - FIXED-LENGTH DATA ELEMENTS--GENERAL INFORMATION
fixed length control field 110407s2011 xxk f 000 0 eng d
035 ## - SYSTEM CONTROL NUMBER
System control number (Sirsi) u152644
041 0# - LANGUAGE CODE
Language code of text/sound track or separate title eng
110 2# - MAIN ENTRY--CORPORATE NAME
Corporate name or jurisdiction name as entry element United Kingdom
Subordinate unit Ministry of Justice
9 (RLIN) 5477
245 04 - TITLE STATEMENT
Title The Bribery Act 2010
Remainder of title quick start guide
Medium [electronic resource]
260 ## - PUBLICATION, DISTRIBUTION, ETC.
Place of publication, distribution, etc. [S.l.]
Name of publisher, distributor, etc. Ministry of Justice
Date of publication, distribution, etc. 2011
520 ## - SUMMARY, ETC.
Summary, etc. This document from the Ministry of Justice offers a quick guide to the changes to the Bribery Act to advise how to prepare your business for implementation
-- [electronic resource]
590 ## - LOCAL NOTE (RLIN)
Local note KA NTK
651 #4 - SUBJECT ADDED ENTRY--GEOGRAPHIC NAME
Geographic name United Kingdom
Chronological subdivision
690 ## - LOCAL SUBJECT ADDED ENTRY--TOPICAL TERM (OCLC, RLIN)
Topical term or geographic name as entry element MANAGEMENT-BUSINESS MANAGEMENT-PROFESSIONAL PRACTICE
856 40 - ELECTRONIC LOCATION AND ACCESS
Uniform Resource Identifier <a href="https://www.justice.gov.uk/guidance/docs/bribery-act-2010-quick-start-guide.pdf">https://www.justice.gov.uk/guidance/docs/bribery-act-2010-quick-start-guide.pdf</a>
Public note View this item free of charge at www.justice.gov.uk
942 ## - ADDED ENTRY ELEMENTS (KOHA)
Suppress in OPAC 0
Holdings
Withdrawn status Lost status Source of classification or shelving scheme Damaged status Not for loan Home library Current library Shelving location Date acquired Total Checkouts Full call number Barcode Date last seen Copy number Price effective from Koha item type
    Dewey Decimal Classification     Virtual Virtual Online 07/04/2011   ONLINE PUBLICATION 152644-2001 06/08/2019 1 06/08/2019 Book